Math Multiplication - Whammies - Statistics

General Stats
  • This quiz has been taken 379 times
  • The average score is 12 of 15
Answer Stats
Hint Answer % Correct
5 x 11 55
99%
9 x 3 27
96%
6 x 7 42
96%
4 x 16 64
95%
9 x 9 81
89%
2 x 35 70
87%
176 x (5 x 0) 0
86%
36 x 1 36
85%
3 x 14 42
85%
3(5 x 5) 75
73%
22-(2 x 5) 12
71%
2⁵ 32
71%
8 x 12 96
70%
15 x 6 90
68%
-7 x (-9) 63
62%
No matching quizzes found
Score Distribution
Percent of People with Each Score
Percentile by Number Answered
Your Score History
You have not taken this quiz